| 000 | 01480nam a2200409 a 4500 | ||
|---|---|---|---|
| 999 |
_c41307 _d41307 |
||
| 003 | BLK | ||
| 005 | 20250412113306.0 | ||
| 008 | 180408b bul|||||r ||||||| ||bul|| | ||
| 010 | _aKNG00044867000 | ||
| 020 | _a978-954-8432-02-3 | ||
| 040 | _aBLK | ||
| 041 |
_aBUL _cBUL |
||
| 072 | 7 |
_2bullib _aН70 _xИзкуства Н |
|
| 080 |
_aДекоративна хартия. Тапети _b745.54 _x(035) _z745.54(035) |
||
| 100 | 1 |
_aУуд, Ашли _eпърви автор _9277655 |
|
| 139 |
_aУуд, Ашли _bУ 88 |
||
| 245 | 1 | 0 |
_aОригами _bЕнциклопедия _cАшли Ууд; прев. от англ. Паолина Желева. |
| 257 | _aGBR | ||
| 260 |
_aСофия _bКнигомания _c2011 _fОтпеч. в Китай |
||
| 300 |
_a192 с. _bс цв. ил. _c20 см |
||
| 380 | _a7 | ||
| 500 | _aБез сведение за ориг. загл. | ||
| 650 | 4 |
_aДетски игри - хартиени модели _9277657 |
|
| 653 | _aоригами | ||
| 653 | _aтехника | ||
| 653 | _aмодели | ||
| 653 | _aенциклопедии | ||
| 659 | _aН | ||
| 700 | 1 |
_aЖелева, Паолина _eпрев. от англ. _9277656 |
|
| 852 | _aЦб 254143 | ||
| 856 | 4 |
_qpdf _i0.00 _ldisable |
|
| 856 | 4 |
_qpdf _i0.00 _ldisable |
|
| 942 |
_cKNG _n0 _019 _s1 |
||
| 944 |
_aCR _c22.12.2011 _lМоника Янева _k30570 |
||
| 944 |
_aED _c12.10.2016 _lф / _kВиолета_Тройчева |
||
| 999 | _d41307 | ||